4th gen K-pop Girl Groups - Statistics

General Stats
  • This quiz has been taken 161 times
  • The average score is 17 of 46
Answer Stats
Answer % Correct
ITZY
92%
Le Sserafim
90%
IVE
89%
Aespa
88%
Newjeans
85%
NMIXX
80%
(G)I-dle
79%
IZ*ONE
75%
STAYC
64%
Kep1er
61%
Loona
61%
Everglow
59%
Fromis-9
54%
Purple Kiss
52%
Billie
47%
Viviz
44%
Weeekly
38%
Cherry Bullet
34%
Lightsum
30%
Classy
29%
Blackswan
27%
Rocket Punch
27%
Tri.be
27%
Woo!ah!
27%
Secret Number
24%
Lapillus
21%
Lapillus
21%
Pixy
21%
BugAboo
20%
Bvndit
19%
Cignature
19%
Nature
19%
GWSN
18%
Dreamnote
16%
H1-Key
13%
Hot Issue
13%
CSR
12%
Lunarsolar
12%
Saturday
10%
Ariaz
7%
Fanatics
7%
NeonPunch
6%
Uni.T
6%
Purplebeck
5%
Redsquare
5%
We Girls
4%
No matching quizzes found
Score Distribution
Percent of People with Each Score
Percentile by Number Answered
Your Score History
You have not taken this quiz